| 000 | 00828 a2200217 4500 | ||
|---|---|---|---|
| 005 | 20080908115012.0 | ||
| 008 | 080908t xxu||||| |||| 00| 0 eng d | ||
| 010 | _aENG-87605 | ||
| 020 |
_c185.00 _a0070635854 |
||
| 035 | _aEN-71138 | ||
| 037 | _bD.B.Act / Pub | ||
| 082 | _a330.1 | ||
| 100 | _aDeepashree | ||
| 245 |
_aPrinciples of economics _cby Deepashree _bfor B. Com. course of University of Delhi |
||
| 260 |
_aNew Delhi _bTata McGraw-Hill Publishing _c2008 |
||
| 270 |
_a7, West Patel Nagar _bNew Delhi _e110008 |
||
| 300 |
_avarious paging _c23 cm. (Pbk) |
||
| 500 | _aIncludes index | ||
| 942 |
_adpl _cEN _k330.1 / DEE _2ddc _h330.1 _mDEE |
||
| 999 |
_c6712 _d6712 |
||